Fostering habits of mind in today's students (Registro nro. 318695)

Detalles MARC
000 -ENCABEZADO
Número de control [NR] 01082nam a2200265 a 4500
005 - FECHA Y HORA DE LA ÚLTIMA TRANSACCIÓN
control field 20210504071243.0
008 - DE LONGITUD FIJA DE DATOS DE ELEMENTOS - INFORMACIÓN GENERAL
Elementos de longitud fija [NR] 120830s2015 vau |||gr|||| 00| 0 eng d
020 ## - NUMERO INTERNACIONAL NORMALIZADO PARA LIBROS [R]
Número Internacional Normalizado del libro [NR] 9781620361801
040 ## - FUENTE DE CATALOGACION [NR]
Agencia de catalogación original [NR] CO-BoUCM
Idioma de catalogación [NR] spa
Quien Cataloga Deissy Garcia
Quien Clasifica Deissy Garcia
041 0# - CODIGO DE IDIOMA [R]
Código de idioma para texto/pista de sonido o título separado [R] Inglés
245 00 - MENCION DE TITULO [NR]
Título [NR] Fostering habits of mind in today's students
Parte restante del título [NR] a new approach to developmental education
Mención de responsabilidad, etc. [NR] edición Jennifer Fletcher, Adela Najarro, Hetty Yelland ; prólogo Emily Lardner
260 ## - PUBLICACION, DISTRIBUCION, ETC. (PIE DE IMPRENTA) [R]
Lugar de publicación, distribución, etc. [R] Sterling, Virginia
Nombre del editor, distribuidor, etc. [R] Stylus
Fecha de publicación, distribución, etc. [R] 2015
300 ## - DESCRIPCION FISICA [R]
Extensión [R] xx, 307 páginas
504 ## - NOTA DE BIBLIOGRAFIA, ETC. [R]
Nota de bibliografía, etc. [NR] Incluye referencias bibliográficas
650 #7 - ASIENTO SECUNDARIO DE MATERIA - TERMINO TEMATICO [R]
Término temático o nombre geográfico como elemento de entrada [NR] Enseñanza universitaria
9 (RLIN) 14601
650 #7 - ASIENTO SECUNDARIO DE MATERIA - TERMINO TEMATICO [R]
Término temático o nombre geográfico como elemento de entrada [NR] Educación superior
Subdivisión general [R] Aspectos sociales
9 (RLIN) 80492
650 #7 - ASIENTO SECUNDARIO DE MATERIA - TERMINO TEMATICO [R]
Término temático o nombre geográfico como elemento de entrada [NR] Educación Superior
Subdivisión general [R] Métodos de estudio
9 (RLIN) 103286
653 #7 - TERMINO DE INDIZACION - NO CONTROLADO [R]
Término de indización no controlado [R] Enseñanza reparadora
700 1# - ASIENTO SECUNDARIO - NOMBRE PERSONAL [R]
9 (RLIN) 102833
Nombre personal [NR] Fletcher, Jennifer
Término de relación [R] editor
700 1# - ASIENTO SECUNDARIO - NOMBRE PERSONAL [R]
9 (RLIN) 103283
Nombre personal [NR] Najarro, Adela
Término de relación [R] editor
700 1# - ASIENTO SECUNDARIO - NOMBRE PERSONAL [R]
9 (RLIN) 103284
Nombre personal [NR] Yelland, Hetty
Término de relación [R] editor
700 1# - ASIENTO SECUNDARIO - NOMBRE PERSONAL [R]
9 (RLIN) 103285
Nombre personal [NR] Lardner, Emily
Término de relación [R] prólogo
942 ## - ELEMENTOS DE ENTRADA AGREGADOS (KOHA)
Tipo de ítem principal el descrito en 300a Libro
Sistema de clasificación DEWEY
Tema principal Educación
Edición 1
Clasificación 378.125
Parte restante de la signatura top. F758
Título oculto en OPAC No
Existencias
Fecha de último préstamo Total préstamos Total Renewals Signatura topográfica Código de barras Prestado Última vez visto Ejemplar Costo de reposición Price effective from Tipo de ítem Perdido Sistema de clasificación Dañado No prestable Tipo de ítem específico Suprimido Ubicación habitual Ubicación actual Localización Fecha de creación Proveedor Forma de adquisición Costo
25/06/2021 1   378.125 F758 100167473   05/12/2025 Ej.2 142000.00 03/06/2021 Libro   DEWEY     Libro   Claustro Claustro 2do piso 03/06/2021 157 Compra 142000.00
14/05/2021 1 7 378.125 F758 100167401 12/12/2025 14/05/2021 Ej.1 38808.00 15/04/2021 Libro   DEWEY     Libro   Claustro Fundación Cardioinfantil 2do piso 15/04/2021 157 Compra 38808.00